Toutes les Monster Energy - Statistiques

Statistiques générales
  • Ce quiz a été pris 4 fois
  • Le résultat moyen est 21 sur 55
Statistiques - réponses
Monster Indice - Goût % Correct
Juiced Bad apple Poire, pomme, kiwi, cerise acide
67%
Ultra Black Mûre
67%
Ultra Fiesta mango Mangue
67%
Ultra Gold Ananas
67%
Juiced Mango loco Mangue
67%
Ultra Paradise Pomme
67%
Ultra Red Fruits rouges
67%
Punch Rio punch Gout fruit exotiques - Skittles
67%
Ultra Rosa Fruits rouges, citron vert, cerise. Notes florales
67%
Ultra Sunrise Orange
67%
Reserve Watermelon -
67%
Ultra Watermelon Pastèque
67%
Hors catégorie / Spéciale Assault Gout Coca-cola
33%
Juiced Aussie lemonade Citron
33%
Ultra Blue Myrtille, mûre, raisin
33%
Ultra Blue Hawaian Framboise bleue
33%
Java Café Latte Café
33%
Hors catégorie / Spéciale Dragon ice tea citron Monster Brésilienne
33%
Hors catégorie / Spéciale Dragon ice tea pêche Monster Brésilienne
33%
Rehab Green tea -
33%
Java Irish crème Café
33%
Juiced Khaotic Pomme, orange, pêche, mandarine, raisin blanc, ananas
33%
Edition spéciale / Sportif Lando Norris Melon Yuzu
33%
Edition spéciale / Sportif Lewis Hamilton Pêche, Nectarine
33%
Java Loca moca Café
33%
Java Mean bean Café
33%
Punch Mixxd Cerise
33%
Juiced Monarch Pêche
33%
Classic / Originales Monster energy Noire
33%
Classic / Originales Monster energy ultra Blanche
33%
Classic / Originales Monster energy zero sugar Bleue
33%
Hors catégorie / Spéciale Mule Gingembre / Ginger beer
33%
Reserve Orange Dreamsicle Orange
33%
Punch Pacific Punch Orange, fraise, cerise, goyave, ananas, fruit de la passion
33%
Reserve Peaches N' Crème Pêche
33%
Ultra Peachy keen Pêche
33%
Punch Pipeline Punch Pomme, orange, goyave, ananas, fruit de la passion
33%
Java Salted caramel Café
33%
Ultra Strawberry dreams Fraise
33%
Rehab Strawberry lemonade -
33%
Java Swiss chocolate Café
33%
Rehab Thé + citron -
33%
Edition spéciale / Sportif The doctor / VR45 Citron
33%
Rehab Thé + pêche -
33%
Java Triple shot Café
33%
Java Vanilla light Café
33%
Ultra Vice guava / Goyave -
33%
Juice Viking berry Fruits rouges
33%
Ultra Violet Raisin chimique, agrûmes
33%
Edition spéciale / Sportif VR46 Citron
33%
Reserve White pineapple Ananas
33%
Ultra Wild Passion Fruit de la passion
33%
Ultra Fantasy ruby red Pamplemouse, agrumes, fruits exotiques
0%
Juiced Ripper Pomme, goyave, fruit de la passion, ananas, orange et citron
0%
Rehab Wild berry tea -
0%
Aucun quiz correspondant
Distribution des résultats
% des personnes avec chaque résultat
Percentile par nombre de réponses
Votre historique - résultats
Vous n’avez pas pris ce quiz